<?xml version="1.0" encoding="UTF-8"?>
<record
    xmlns:xsi="http://www.w3.org/2001/XMLSchema-instance"
    xsi:schemaLocation="http://www.loc.gov/MARC21/slim http://www.loc.gov/standards/marcxml/schema/MARC21slim.xsd"
    xmlns="http://www.loc.gov/MARC21/slim">

  <leader>00969cam9a220027700 4500</leader>
  <controlfield tag="001">qce00852112</controlfield>
  <controlfield tag="005">20190826102544.0</controlfield>
  <controlfield tag="008">730822s1962    ilu           000 0 eng u</controlfield>
  <datafield tag="010" ind1=" " ind2=" ">
    <subfield code="a">   61018823</subfield>
  </datafield>
  <datafield tag="035" ind1=" " ind2=" ">
    <subfield code="a">(Sirsi) r61743</subfield>
  </datafield>
  <datafield tag="035" ind1=" " ind2=" ">
    <subfield code="a">(QCAT)lss00459280</subfield>
  </datafield>
  <datafield tag="035" ind1=" " ind2=" ">
    <subfield code="a">(UPRA)qce00852112</subfield>
  </datafield>
  <datafield tag="040" ind1=" " ind2=" ">
    <subfield code="d">UPRA</subfield>
  </datafield>
  <datafield tag="050" ind1="0" ind2=" ">
    <subfield code="a">TS205</subfield>
    <subfield code="b">.R83</subfield>
  </datafield>
  <datafield tag="100" ind1="1" ind2=" ">
    <subfield code="a">Rusinoff, S. E. (Samuel Eugene), 1894-</subfield>
    <subfield code="q">Rusinoff, S. E. (Samuel Eugene), 1894-</subfield>
    <subfield code="d">Rusinoff, S. E. (Samuel Eugene), 1894-</subfield>
    <subfield code="6">A19344.1</subfield>
  </datafield>
  <datafield tag="245" ind1="1" ind2="0">
    <subfield code="a">Manufacturing processes :</subfield>
    <subfield code="b">materials and production.</subfield>
  </datafield>
  <datafield tag="250" ind1=" " ind2=" ">
    <subfield code="a">[Rev.].</subfield>
  </datafield>
  <datafield tag="260" ind1=" " ind2=" ">
    <subfield code="a">Chicago :</subfield>
    <subfield code="b">American Technical Society,</subfield>
    <subfield code="c">[1962]</subfield>
  </datafield>
  <datafield tag="500" ind1=" " ind2=" ">
    <subfield code="a">Additional imprint on pasted label: London, The Technical Press.</subfield>
  </datafield>
  <datafield tag="504" ind1=" " ind2=" ">
    <subfield code="a">Includes bibliographical references.</subfield>
  </datafield>
  <datafield tag="650" ind1=" " ind2="0">
    <subfield code="a">Metal-work.</subfield>
    <subfield code="6">S820.1</subfield>
  </datafield>
  <datafield tag="650" ind1=" " ind2="0">
    <subfield code="a">Plastics.</subfield>
    <subfield code="6">S5050.1</subfield>
  </datafield>
  <datafield tag="650" ind1=" " ind2="0">
    <subfield code="a">Machine-shop practice.</subfield>
    <subfield code="6">S14013.1</subfield>
  </datafield>
  <datafield tag="949" ind1=" " ind2=" ">
    <subfield code="a">TS205</subfield>
    <subfield code="w">lcc</subfield>
    <subfield code="i">-81373</subfield>
    <subfield code="m">MAIN</subfield>
    <subfield code="t">BOOK</subfield>
    <subfield code="l">ON-SHELF</subfield>
  </datafield>
  <controlfield tag="004">61743</controlfield>
  <datafield tag="999" ind1=" " ind2=" ">
    <subfield code="c">164493</subfield>
    <subfield code="d">164493</subfield>
  </datafield>
</record>
